000 00447cam a2200157 a 4500
001 000025717
005 20200930024009.0
008 760831s1978 pr 000 | spa d
082 _axxx
_bR896e
100 1 _aRubio de Jiménez, Esther,
_952486
245 1 0 _aEclosión alba :
_bversos /
_cEsther Rubio de Jiménez.
260 _aSan Juan, [ Puerto Rico] :
_b[Betances],
_c1978.
300 _a27 p. ;
_c22 cm.
049 _aBNGR
999 _c25209
_d25209
040 _aDO-SdBNP